Statistics for Zayn Malik - Mind of Mine (Deluxe Edition) Quiz

Click here to take the quiz!

General Stats

  • This quiz has been taken 169 times
  • The average score is 12 of 20

Answer Stats

TrackPeak on ChartsArtistSong% Correct
2#1 (BBH100)Zayn MalikPillowtalk
98%
5#8 (BUBBH100)Zayn MaliksHe
81%
3#59 (BBH100)Zayn MalikiT's YoU
79%
1Didn't ChartZayn MalikMiNd of MiNdd (Intro)
74%
6#27 (UK R&B)Zayn MalikdRuNk
72%
4#4 (BUBBH100)Zayn MalikBeFoUr
71%
9#23 (UK R&B)Zayn Malik ft. KehlaniwRoNg
68%
17#55 (BBH100)Zayn MalikLIKE I WOULD
66%
14#33 (UK R&B)Zayn MalikTiO
63%
15Didn't ChartZayn MalikBLUE
60%
10#31 (UK R&B)Zayn MalikfOoL fOr YoU
58%
7Didn't ChartZayn MalikINTERMISSION: floWer
57%
8#37 (UK R&B)Zayn MalikrEaR vIeW
56%
18Didn't ChartZayn MalikSHE DON'T LOVE ME
56%
13Didn't ChartZayn MaliklUcOzAdE
54%
11Didn't ChartZayn MalikBoRdErZ
50%
12Didn't ChartZayn MaliktRuTh
49%
16Didn't ChartZayn MalikBRIGHT
46%
20Didn't ChartZayn MalikGOLDEN
33%
19Didn't ChartZayn MalikDO SOMETHING GOOD
17%

Score Distribution

Percentile by Number Answered

Percent of People with Each Score

Your Score History

You have not taken this quiz